| 000 | 00596nam a2200229Ia 4500 | ||
|---|---|---|---|
| 003 | OSt | ||
| 005 | 20230428102638.0 | ||
| 008 | 210423s2002 xx 000 0 und d | ||
| 020 | _a71164294 | ||
| 040 | _cAL | ||
| 041 | _aeng | ||
| 082 |
_a530.141 KRAJ _223 |
||
| 100 |
_aKRAUS (John D);FLEISCH (Daniel A). _994617 |
||
| 245 | _aElectromagnetics: with applications. | ||
| 250 | _a5 | ||
| 260 |
_aNew Delhi _bTata McGraw-hill _c2002 |
||
| 300 |
_axix,617 _bPB |
||
| 365 | _cINR | ||
| 650 |
_aTheoretical Physics _994618 |
||
| 906 | _aapplications. ; Electromagnetics: | ||
| 942 |
_2ddc _cBK |
||
| 999 |
_c161905 _d161905 |
||